书目信息 |
| 题名: |
益智圣典
|
|
| 作者: | 孔泽人 编译 | |
| 分册: | ||
| 出版信息: | 北京 北京燕山出版社 2009 |
|
| 页数: | 485页 | |
| 开本: | 23cm | |
| 丛书名: | ||
| 单 册: | ||
| 中图分类: | B223.14 , B223.54 , Z126.23 | |
| 科图分类: | ||
| 主题词: | 道家 , 丛书--中国 | |
| 电子资源: | ||
| ISBN: | 978-7-5402-0463-1 | |
| 000 | 00766nam0 2200277 450 | |
| 001 | 1556550135 | |
| 005 | 20151110112336.38 | |
| 010 | @a978-7-5402-0463-1@b精装@dCNY28.40 | |
| 100 | @a20110821d2009 em y0chiy50 ea | |
| 101 | 0 | @achi |
| 102 | @aCN@b110000 | |
| 105 | @ay z 000yy | |
| 200 | 1 | @a益智圣典@9yi zhi sheng dian@f孔泽人编译 |
| 210 | @a北京@c北京燕山出版社@d2009 | |
| 215 | @a485页@d23cm | |
| 300 | @a经国五典 | |
| 330 | @a本书收录了《老子》和《庄子》,对其中的哲学经典进行了注释和解读。 | |
| 605 | @a《道德经》@x译文 | |
| 606 | 0 | @a道家 |
| 606 | 0 | @a丛书@x中国 |
| 690 | @aB223.14@v5 | |
| 690 | @aB223.54@v5 | |
| 690 | @aZ126.23@v4 | |
| 701 | 0 | @a孔泽人@9kong ze ren@4编译 |
| 801 | 0 | @aCN@bTSSF@c20150128 |
| 905 | @aZUCC@dZ126.23@eJY5 | |
| 益智圣典/孔泽人编译.-北京:北京燕山出版社,2009 |
| 485页;23cm |
| 经国五典 |
| ISBN 978-7-5402-0463-1(精装):CNY28.40 |
| 本书收录了《老子》和《庄子》,对其中的哲学经典进行了注释和解读。 |
| ● |
| 相关链接 |
|
|
|
|
正题名:益智圣典
索取号:Z126.23/JY5
 
预约/预借
| 序号 | 登录号 | 条形码 | 馆藏地/架位号 | 状态 | 备注 |
| 1 | 7841087 | 278410872 | 学院路分馆/ [索取号:Z126.23/JY5] | 在馆 |